Statistics for Names of Countries in their Native Language

Click here to take the quiz!

General Stats

  • This quiz has been taken 22 times
  • The average score is 18 of 30

Answer Stats

HintAnswer% Correct
ShqipëriaAlbania
100%
AzərbaycanAzerbaijan
100%
BelgiëBelgium
100%
BrasilBrazil
100%
中国China
100%
Demokratíki Jamhuri ya Kidemokrasia ya KongoDemocratic Republic of the Congo
100%
DanmarkDenmark
100%
Timor-LesteEast Timor
100%
République GabonaiseGabon
100%
GaanaGhana
100%
GuinéeGuinea
100%
ÍslandIceland
100%
ישראלIsrael
100%
ItaliaItaly
100%
Côte d'IvoireIvory Coast
100%
LatvijaLatvia
100%
LietuvaLithuania
100%
MalaŵiMalawi
100%
MéxicoMexico
100%
MoçambiqueMozambique
100%
မြန်မာMyanmar
100%
NederlandNetherlands
100%
PanamáPanama
100%
Papua NiuginiPapua New Guinea
100%
ParaguáiParaguay
100%
PilipinasPhilippines
100%
PolskaPoland
100%
RomâniaRomania
100%
SāmoaSamoa
100%
SénégalSenegal
100%
SlovenskoSlovakia
100%
SlovenijaSlovenia
100%
Solomon AelanSolomon Islands
100%
남한South Korea
100%
EspañaSpain
100%
TürkiyeTurkey
100%
Cittá del VaticanoVatican City
100%
Việt NamVietnam
100%
Cabo VerdeCape Verde
89%
ÉireIreland
88%
ČeskoCzechia
86%
MadagasikaraMadagascar
86%
日本Japan
83%
MorisMauritius
83%
Северна МакедонијаNorth Macedonia
83%
NorgeNorway
83%
Republíki ya KongóRepublic of the Congo
83%
العراقIraq
80%
LëtezebuergLuxembourg
80%
SuomiFinland
75%
DeutschlandGermany
75%
РоссияRussia
75%
SverigeSweden
75%
台灣Taiwan
75%
ÖsterreichAustria
67%
BéninBenin
67%
БългарияBulgaria
67%
Ködörösêse tî BêafrîkaCentral African Republic
67%
República DominicanaDominican Republic
67%
ኢትዮጵያEthiopia
67%
AyitiHaiti
67%
MagyaroszágHungary
67%
ҚазақстанKazakhstan
67%
КосовоKosovo
67%
북조선North Korea
67%
iNingizimu AfrikaSouth Africa
67%
EestiEstonia
63%
កម្ពុជាCambodia
60%
ΚύπροςCyprus
60%
ΕλλάςGreece
60%
เมืองไทย, ประเทศไทย, ราชอาณาจักรไทยThailand
57%
БеларусьBelarus
50%
HrvatskaCroatia
50%
جيبوتيDjibouti
50%
КыргызстанKyrgyzstan
50%
لبنانLebanon
50%
پاکستانPakistan
50%
СрбијаSerbia
50%
SchweizSwitzerland
50%
ТоҷикистонTajikistan
50%
УкраїнаUkraine
50%
ЎзбекистонUzbekistan
50%
البحرينBahrain
43%
HayastánArmenia
40%
Босна и ХерцеговинаBosnia and Herzegovina
40%
ປະເທດລາວLaos
40%
PiruwPeru
40%
Црна ГораMontenegro
38%
বাংলাদেশBangladesh
33%
WuliwyaBolivia
33%
إرترياEritrea
33%
ভাৰতIndia
33%
المملكة العربية السعوديةSaudi Arabia
33%
برونيBrunei
25%
Aorōkin M̧ajeļMarshall Islands
25%
NàìjíríàNigeria
25%
قطرQatar
25%
الصومالSomalia
25%
ليبياLibya
20%
马来西亚Malaysia
20%
المغربMorocco
20%
AotearoaNew Zealand
20%
SeselSeychelles
20%
الإمارات العربيّة المتّحدةUnited Arab Emirates
20%
ایرانIran
17%
دولة الكويتKuwait
17%
الأردنJordan
14%
Paguot ThudänSouth Sudan
14%
افغانستانAfghanistan
0%
DzayerAlgeria
0%
འབྲུག་ཡུལBhutan
0%
UburundiBurundi
0%
تشادChad
0%
جزر القمرComoros
0%
مصرEgypt
0%
फ़िजीFiji
0%
საქართველოGeorgia
0%
Dhivehi RaajjeMaldives
0%
موريتانياMauritania
0%
MúneguMonaco
0%
Монгол УлсMongolia
0%
नेपालNepal
0%
عُمانOman
0%
BelauPalau
0%
فلسطينPalestine
0%
新加坡Singapore
0%
السودانSudan
0%
سوريةSyria
0%
تونسTunisia
0%
اليمنYemen
0%

Score Distribution

Percentile by Number Answered

Percent of People with Each Score

Your Score History

You have not taken this quiz